000 00551nam a2200169 4500
001 133218
003 ES-MaACL
005 20230906194341.0
007 t|
008 070214s1973 sp r ||||1| spa d
100 1 _aRubio Cardiel, Julián.
_9100394
245 1 0 _aGenética
_b: su posición entre las ciencias biológicas /
_cJulián Rubio Cardiel.
260 _aZaragoza :
_bEstación Experimental de Aula Dei,
_c1973.
300 _a80 p. ;
_c24 cm.
710 2 _aEstación Experimental de Aula Dei.
_94015
852 _aES-MaACL
_jC-51992
_bR.85584
999 _c133218
_d133218